000 03111 a2200253 4500
001 33907
005 20260407155629.0
008 260407a2013 arg spa d
003 AR-UNSa-BCEJYS
040 _aAR-UNSa-BCEJYS
_bspa
_cAR-UNSa-BCEJYS
080 _a342.9
_xDerecho Administrativo
245 1 0 _aCurso de derecho administrativo
020 _a978-950-20-1871-3
264 1 _aBuenos Aires :
_bAbeledo Perrot
_c2013
300 _a2 v. (xxxviii, 924 ; xxviii, 1940 p.)
_c25 cm.
505 _aVol. I: Primera Parte: El derecho administrativo: 1. Derecho administrativo, función administrativa y régimen exorbitante - 2. Fuentes del derecho administrativo. Relaciones del derecho administrativo con otras ramas del derecho - Segunda Parte: Juricidad administrativa y situaciones jurídicas subjetivas: 3. El principio de juricidad, discrecionalidad administrativa y situaciones jurídicas subjetivas - Tercera Parte: Personalidad del Estado y organización administrativa: 4. Personalidad del Estado, organización administrativa y órganos estatales - 5. Principios jurídicos de la organización administrativa - 6. La organización administrativa argentina: Ña articulación de los ordenamientos nacional, provincial y municipal; La región - 7. La organización administrativa argentina: Administración nacional centralizada y descentralizada - Parte Cuarta: Acto administrativo: 8. El acto administrativo - Parte Quinta: Actividad administrativa de prestación, fomento y coacción: 9. El servicio público y los entes reguladores - 10. La actividad administrativa de coacción - 11. Fomento - Parte Sexta: Contratos administrativos: 12. Los contratos administrativos en general - 13. Formación de los contratos administrativos - 14. Los procedimientos de selección del contratista (I) La Licitación Pública - 15. Los procedimientos de selección del contratista (II) Otros sistemas de restricción - 16. Ejecución de los contratos administrativos - Vol. II: 17. Los contratos administrativos en especial - Parte séptima: Procedimiento administrativo: 18. El procedimiento administrativo - 19. La impugnación en sede administrativa de la actividad administrativa - 20. El principio de participación ciudadana en el procedimiento administrativo - Parte octava: Control judicial de la administración pública y responsabilidad del Estado: 21. Principios generales del control judicial - 22. Responsabilidad del estado - Parte novena: Dominio público y privado del Estado. Limitaciones administrativas a la propiedad: 23. Dominio público y privado del Estado - 24. Limitaciones administrativas a la propiedad privada - Parte décima: Otros estudios: 25. Una experiencia docente en el posgrado de derecho administrativo. A diez años del inicio del máster en derecho administrativo.
041 _aspa
942 _cBK
590 _aniveau_biblio:m niveau_hierar:0
100 1 _aComadira, Julio Rodolfo
700 1 _aEscola, Héctor Jorge
700 1 _aComadira, Julio Pablo
856 4 1 _uhttps://www.biblioeco.unsa.edu.ar/pmb/images/libros/L127545.jpg
_yImagen de portada
_qimage/jpeg
999 _c2402
_d2402